Kings and Queens of Britain - Wives and Husbands - Statistics

General Stats
  • This quiz has been taken 4,531 times
  • The average score is 25 of 43
Answer Stats
Monarch Wife / Husband % Correct
William III / Mary II William III / Mary II
96%
Mary I / Phillip II Mary I / Philip II of Spain
95%
George V Mary of Teck
95%
Elizabeth II Philip Mountbatten
95%
Richard III Anne Neville
94%
George VI Elizabeth Bowes-Lyon
94%
Henry VII Elizabeth of York
94%
Edward IV Elizabeth Woodville
94%
Victoria Albert of Saxe-Coburg and Gotha
87%
Charles II Catherine of Braganza
86%
Henry V Catherine of Valois
86%
Richard II Anne of Bohemia (1) Isabella of Valois (2)
72%
James II Anne Hyde (1) Mary of Modena (2)
70%
James I Anne of Denmark
69%
George III Charlotte of Mecklenburg-Strelitz
63%
Stephen Matilda of Boulogne
61%
William I Matilda of Flanders
61%
Henry VIII Catherine of Aragon (1), Anne Boleyn (2), Jane Seymour (3), Anne of Cleves (4), Catherine Howard (5), Catherine Parr (6)
60%
John Isabel of Gloucester (1) Isabella of Angoulême (2)
59%
Henry the Young King (co-ruler with father) Margaret of France
59%
Edward VIII Wallis Warfield Simpson
59%
Henry VI Margaret of Anjou
58%
Edward VII Alexandra of Denmark
56%
Henry II Eleanor of Aquitaine
54%
Edward I Eleanor of Castile
54%
Henry III Eleanor of Provence
54%
Anne George of Denmark
53%
George II Caroline of Ansbach
49%
George IV Caroline of Brunswick
49%
Charles I Henrietta Maria of France
43%
Edward II Isabella of France
38%
William IV Adelaide of Saxe-Meiningen
37%
George I Sophia Dorothea of Brunswick-Lueneburg-Celle
33%
Edward III Philippa of Hainault
28%
Richard I Berengaria of Navarre
27%
Elizabeth I Unmarried
26%
Edward VI Unmarried
26%
Edward V Unmarried
26%
William II Unmarried
26%
Jane (title disputed) Lord Guildford Dudley
25%
Matilda (title disputed) Henry V, Holy Roman Emperor (1) Geoffrey V, Count of Anjou (2)
23%
Henry I Edith otherwise Matilda of Scotland (1) Adeliza of Louvain (2)
22%
Henry IV Mary de Bohun (1) Joanna of Navarre (2)
19%
No matching quizzes found
Score Distribution
Percent of People with Each Score
Percentile by Number Answered
Your Score History
You have not taken this quiz